El Archivo Fotográfico Municipal de Igualada
Descripción Física:
23 p. : il. ; 18 cm
MARC
| LEADER | 00000nam a2200000Ia 4500 | ||
|---|---|---|---|
| 001 | 18372 | ||
| 008 | 160829s1960] xx 000 0 cat d | ||
| 080 | |a FU-2-64 | ||
| 245 | |a El Archivo Fotográfico Municipal de Igualada | ||
| 260 | |a [Igualada : |b Ayuntamiento de Igualada, |c 1960] | ||
| 300 | |a 23 p. : |b il. ; |c 18 cm | ||
| 590 | |a Prové de R-62, exp. 59 | ||
| 650 | |a Arxiu Fotogràfic d'Igualada |9 43520 | ||
| 650 | |a Igualada |x Fotografies |9 43521 | ||
| 901 | |a Arxiu | ||
| 942 | |n 1 | ||
| 952 | |0 0 |1 0 |4 0 |6 FU264 |7 1 |9 51489 |a Arxiu |b Arxiu |d 2016-12-01 |l 0 |o FU-2-64 |p 18372 |r 2016-12-01 00:00:00 |w 2016-12-01 |y ARXIU | ||
| 999 | |c 55333 |d 55333 | ||